00401nam a2200169Ia 4500003000400000005001700004008004100021020001900062040000700081041000800088082001300096100001300109245003400122260004300156300000900199650002300208OSt20250825101315.0250729s2006 xx 000 0 und d a978-8186804865 cAL aeng a613 DASH aDash B N aHealth and physical education aNew DelhibNeelkamal Publicationc2006 a308p aPhysical Education